|
|
|
|
| LEADER |
01551nam a22002897a 4500 |
| 001 |
41903 |
| 003 |
BD-DhAAL |
| 005 |
20231030120115.0 |
| 008 |
231026t2020 nyua|||| |||| 001 0 eng d |
| 020 |
|
|
|a 9781032400211
|
| 040 |
|
|
|a BD-DhAAL
|d BD-DhAAL
|
| 082 |
|
|
|a 005.80711
|
| 100 |
|
|
|a Shoemaker, Daniel
|9 55384
|
| 245 |
|
|
|a The cyber security body of knowledge :
|b the ACM/IEEE/AIS/IFIP recommendations for a complete curriculum in cybersecurity /
|c Dan Shoemaker, Anne Kohnke and Ken Sigler.
|
| 260 |
|
|
|a Boca Raton, NY :
|b CRC Press,
|c 2022.
|
| 300 |
|
|
|a xxxv, 578 pages :
|b illustrations ;
|c 24 cm.
|
| 500 |
|
|
|a Includes Index.
|
| 526 |
|
|
|a CSE
|
| 541 |
|
|
|a Book Finder International
|e 41903
|
| 650 |
|
|
|a Computer security
|x Study and teaching (Higher)
|9 55758
|
| 700 |
|
|
|a Kohnke, Anne.
|9 55759
|
| 700 |
|
|
|a Sigler, Ken.
|9 55760
|
| 942 |
|
|
|2 ddc
|c BK
|
| 999 |
|
|
|c 46099
|d 46099
|
| 952 |
|
|
|0 0
|1 0
|2 ddc
|4 0
|6 005_807110000000000_SHO
|7 0
|9 74628
|a BRACUL
|b BRACUL
|c GEN
|d 2023-10-17
|e Book Finder International
|g 3593.29
|l 8
|m 45
|o 005.80711 SHO
|p 3010041905
|r 2026-04-24
|s 2025-12-28
|t 3
|v 3593.29
|w 2023-10-17
|y BK
|
| 952 |
|
|
|0 0
|1 0
|2 ddc
|4 0
|6 005_807110000000000_SHO
|7 0
|9 74629
|a BRACUL
|b BRACUL
|c GEN
|d 2023-10-17
|e Book Finder International
|g 3593.29
|l 8
|m 69
|o 005.80711 SHO
|p 3010041903
|q 2026-06-02
|r 2026-03-03
|s 2026-03-03
|t 1
|v 3593.29
|w 2023-10-17
|y BK
|
| 952 |
|
|
|0 0
|1 0
|2 ddc
|4 0
|6 005_807110000000000_SHO
|7 0
|9 74630
|a BRACUL
|b BRACUL
|c GEN
|d 2023-10-17
|e Book Finder International
|g 3593.29
|l 8
|m 75
|o 005.80711 SHO
|p 3010041904
|q 2026-06-02
|r 2026-02-08
|s 2026-02-08
|t 2
|v 3593.29
|w 2023-10-17
|y BK
|